[Event "FIDE Grand Swiss 2019"]
[Site "Douglas"]
[Date "11.10.2019"]
[Round "2.53"]
[White "Lenderman, Aleksandr"]
[Black "Erenberg, Ariel"]
[Result "1/2-1/2"]
[WhiteTitle "GM"]
[BlackTitle "IM"]
[WhiteElo "2648"]
[BlackElo "2463"]
[WhiteFideId "2021285"]
[BlackFideId "2811634"]
[EventDate "2019.10.10"]

1. Nf3 Nf6 2. c4 e6 3. Nc3 d5 4. e3 dxc4 5. Bxc4 a6 6. O-O c5 7. d4 Nc6 8. Bb3
Be7 9. dxc5 Bxc5 10. Qxd8+ Kxd8 11. Bd2 Ke7 12. Rfc1 Ba7 13. Be1 Bd7 14. Na4 Ne4
15. Nd2 Nxd2 16. Bxd2 Rhd8 17. Nc5 Be8 18. Be1 Rab8 19. Rc2 Bxc5 20. Rxc5 f6 21.
Rac1 Bf7 22. Ba4 e5 23. a3 Be8 24. Bd1 Rd6 25. Be2 Rbd8 26. b4 Bg6 27. b5 axb5
28. Rxb5 R8d7 29. Bg4 Bd3 30. Bxd7 Bxb5 31. Bc8 Ba6 32. Rb1 Rd8 33. Bf5 g6 34.
Bc2 Rd6 35. h4 Kd7 36. Bc3 Kc7 37. Rd1 Rxd1+ 38. Bxd1 Bc4 39. f4 Kd6 40. Kf2 Bd5
41. Be2 Kc5 42. fxe5 Nxe5 43. g4 Kd6 44. g5 fxg5 45. hxg5 Ke6 46. Kg3 Kf5 47.
Bd4 Nc4 48. Bxc4 1/2-1/2

[Event "FIDE Grand Swiss 2019"]
[Site "Douglas"]
[Date "11.10.2019"]
[Round "2.54"]
[White "Papaioannou, Ioannis"]
[Black "Ushenina, Anna"]
[Result "1-0"]
[WhiteTitle "GM"]
[BlackTitle "GM"]
[WhiteElo "2645"]
[BlackElo "2431"]
[WhiteFideId "4201345"]
[BlackFideId "14110911"]
[EventDate "2019.10.10"]

1. e4 e5 2. Nf3 Nc6 3. Bb5 Nf6 4. d3 Bc5 5. Bxc6 dxc6 6. Nbd2 O-O 7. Nb3 Bb4+ 8.
Bd2 Bd6 9. Bg5 Re8 10. Nbd2 Qe7 11. O-O Qe6 12. Re1 Nd7 13. Nc4 Qg6 14. Bh4 f6
15. Bg3 Qf7 16. Nfd2 Bc5 17. Nb3 Bf8 18. f4 exf4 19. Bxf4 Nc5 20. Ne3 a5 21. Kh1
a4 22. Nd2 Bd6 23. Qf3 Bd7 24. Bxd6 cxd6 25. Ndc4 Qf8 26. Qg3 Re6 27. Nf5 d5 28.
Nb6 Rd8 29. Nd4 Rd6 30. exd5 cxd5 31. Nxd7 R6xd7 32. Qe3 Kh8 33. Re2 Rc8 34.
Rae1 h6 35. Qg3 f5 36. Qg6 Rf7 37. h3 Rf6 38. Qh5 Kh7 39. Nf3 Rg6 40. Ne5 Rg5
41. Qf3 f4 42. Qxd5 Rf5 43. Qf3 Qd6 44. Qg4 Rcf8 45. Nf3 Qf6 46. d4 h5 47. Qh4
Nd7 48. c4 Nb6 49. b3 axb3 50. axb3 Nc8 51. Qxf6 R5xf6 52. Re5 Kh6 53. c5 Na7
54. d5 Nb5 55. d6 b6 56. d7 Rd8 57. c6 Na7 58. Re8 Nxc6 59. Rxd8 Nxd8 60. Re8 1-0

[Event "FIDE Grand Swiss 2019"]
[Site "Douglas"]
[Date "11.10.2019"]
[Round "2.55"]
[White "Chigaev, Maksim"]
[Black "Rakotomaharo, Fy Antenaina"]
[Result "1-0"]
[WhiteTitle "GM"]
[BlackTitle "IM"]
[WhiteElo "2644"]
[BlackElo "2428"]
[WhiteFideId "4108116"]
[BlackFideId "13100050"]
[EventDate "2019.10.10"]

1. e4 c5 2. Nf3 e6 3. d4 cxd4 4. Nxd4 Nc6 5. Nc3 Nf6 6. Be2 Bb4 7. O-O O-O 8.
Nxc6 bxc6 9. e5 Bxc3 10. bxc3 Nd5 11. Bd3 f5 12. Ba3 Rf7 13. c4 Nf4 14. Qf3 g5
15. Bd6 Ng6 16. Rfe1 g4 17. Qd1 Nh4 18. Bf1 Rg7 19. Kh1 Qg5 20. Qc1 Qh5 21. Rb1
Kf7 22. Qf4 Ba6 23. Bc5 Rag8 24. Qd4 Bc8 25. Qd6 Qg5 26. Rb8 Kg6 27. Qd3 Kh5 28.
Be2 d5 29. exd6 e5 30. g3 Ng6 31. h3 e4 32. Qd1 Be6 33. Rxg8 Rxg8 34. hxg4+ fxg4
35. Be3 Qf5 36. Kg2 Ne5 37. Rh1+ Kg6 38. Rh6+ Kf7 39. Qh1 Rg7 40. Qh4 Ng6 41.
Qd8 1-0

[Event "FIDE Grand Swiss 2019"]
[Site "Douglas"]
[Date "11.10.2019"]
[Round "2.56"]
[White "Gavrilescu, David"]
[Black "Zvjaginsev, Vadim"]
[Result "1/2-1/2"]
[WhiteTitle "IM"]
[BlackTitle "GM"]
[WhiteElo "2451"]
[BlackElo "2644"]
[WhiteFideId "1227190"]
[BlackFideId "4113403"]
[EventDate "2019.10.10"]

1. e4 c5 2. Nf3 Nc6 3. Bb5 g6 4. O-O Bg7 5. c3 Nf6 6. Re1 a6 7. Bxc6 dxc6 8. h3
Nd7 9. d4 O-O 10. Be3 cxd4 11. cxd4 e5 12. Nc3 b5 13. Qd2 exd4 14. Bxd4 Ne5 15.
Nxe5 Bxe5 16. Red1 Bxd4 17. Qxd4 Qxd4 18. Rxd4 Be6 19. Rad1 a5 20. a3 Rfb8 21.
e5 c5 22. Rd6 b4 23. Nd5 Bxd5 24. R6xd5 c4 25. axb4 Rxb4 26. Rc5 Rxb2 27. Rd7 a4
28. Rcc7 a3 29. Rxf7 a2 30. Rg7+ Kh8 31. Rxh7+ Kg8 32. Rhg7+ Kh8 33. Rh7+ 1/2-1/2

[Event "FIDE Grand Swiss 2019"]
[Site "Douglas"]
[Date "11.10.2019"]
[Round "2.57"]
[White "Nebolsina, Vera"]
[Black "Lupulescu, Constantin"]
[Result "0-1"]
[WhiteTitle "WGM"]
[BlackTitle "GM"]
[WhiteElo "2252"]
[BlackElo "2643"]
[WhiteFideId "4163591"]
[BlackFideId "1207822"]
[EventDate "2019.10.10"]

1. e4 c6 2. Nf3 d5 3. Nc3 dxe4 4. Nxe4 Nf6 5. Qe2 Nxe4 6. Qxe4 Qa5 7. Bc4 Bf5 8.
Qe5 Qxe5+ 9. Nxe5 e6 10. Bd3 Bxd3 11. Nxd3 Bd6 12. b3 c5 13. Nb2 Nc6 14. Nc4 Bc7
15. a4 f6 16. Bb2 Kf7 17. O-O Rad8 18. Bc3 Nd4 19. Bxd4 cxd4 20. d3 Rd5 21. b4
a6 22. Rfb1 Ra8 23. Ra3 Ke7 24. g3 g5 25. h3 h5 26. Kg2 f5 27. b5 axb5 28. axb5
Rxa3 29. Nxa3 b6 30. Nc4 Rc5 31. f3 Kd7 32. g4 h4 33. Kf1 Kc8 34. Re1 fxg4 35.
fxg4 e5 36. Rb1 e4 37. Ke2 e3 38. Rb3 Kb7 39. Rb1 Rd5 40. Kf3 Rd8 41. Ke2 Ra8
42. Rf1 Ra2 43. Rc1 Kc8 44. Kf3 Kd8 45. Ke4 e2 46. Ne5 Rxc2 47. Re1 Kc8 48. Kxd4
Bd6 49. Nf3 Bc5+ 50. Kd5 Bf2 51. Ra1 Rc5+ 52. Ke4 Rxb5 53. Ne1 Bg3 54. d4 Rb3
55. Kf5 Bf4 56. Ra2 Re3 57. Rc2+ Kd7 58. Rb2 Kc7 59. Rc2+ Kb7 60. d5 Bg3 61. Rc1
Re5+ 0-1

[Event "FIDE Grand Swiss 2019"]
[Site "Douglas"]
[Date "11.10.2019"]
[Round "2.58"]
[White "Piorun, Kacper"]
[Black "Zatonskih, Anna"]
[Result "1-0"]
[WhiteTitle "GM"]
[BlackTitle "IM"]
[WhiteElo "2643"]
[BlackElo "2422"]
[WhiteFideId "1130420"]
[BlackFideId "14101572"]
[EventDate "2019.10.10"]

1. Nf3 d5 2. e3 Nf6 3. c4 e6 4. Nc3 Be7 5. b3 b6 6. Bb2 Bb7 7. cxd5 exd5 8. d4
O-O 9. Bd3 a6 10. O-O Bd6 11. Rc1 Nbd7 12. Rc2 Re8 13. Qa1 Ne4 14. Ne2 Qe7 15.
Ne5 Rac8 16. f3 Nef6 17. Bf5 Rcd8 18. f4 Nb8 19. Ng3 Bc8 20. Bd3 Ng4 21. Re2 Qh4
22. Nf3 Qh6 23. Qe1 Nc6 24. h3 Nf6 25. Ne5 Ne7 26. Bc1 g6 27. e4 dxe4 28. Bc4
Rf8 29. f5 Qg7 30. fxg6 hxg6 31. Rxf6 Qxf6 32. Nxe4 Qg7 33. Bg5 Rfe8 34. Bxf7+
Kh8 35. Qh4+ Qh7 36. Bf6# 1-0

[Event "FIDE Grand Swiss 2019"]
[Site "Douglas"]
[Date "11.10.2019"]
[Round "2.59"]
[White "Hovhannisyan, Robert"]
[Black "Soumya, Swaminathan"]
[Result "1/2-1/2"]
[WhiteTitle "GM"]
[BlackTitle "WGM"]
[WhiteElo "2639"]
[BlackElo "2365"]
[WhiteFideId "13302507"]
[BlackFideId "5016193"]
[EventDate "2019.10.10"]

1. e4 c5 2. Nf3 Nc6 3. d4 cxd4 4. Nxd4 Nf6 5. Nc3 d6 6. Bg5 e6 7. Qd2 a6 8. Nxc6
bxc6 9. O-O-O Qa5 10. Bc4 h6 11. Bxf6 gxf6 12. f4 h5 13. Kb1 Be7 14. Rhe1 Bb7
15. f5 e5 16. Re3 Rd8 17. Rd3 Qb4 18. Bb3 a5 19. a3 Qb6 20. Na4 Qc7 21. Bc4 h4
22. Qf2 Bf8 23. Rh3 Ke7 24. Rxh4 Rxh4 25. Qxh4 d5 26. Bb3 Ba8 27. Nc3 d4 28. Ne2
Rb8 29. Nxd4 exd4 30. e5 c5 31. Qxf6+ Kd7 32. Bxf7 Qb7 33. b3 Qxg2 34. e6+ Kc7
35. e7 Qe2 36. exf8=Q Rxf8 37. Rg1 d3 38. cxd3 Bd5 39. Qc3 Rxf7 40. Qxc5+ Bc6
41. Qxa5+ Kb7 42. Qb4+ Kc7 43. Qf4+ Kb7 44. Qb4+ Kc7 45. Qc3 Rd7 46. f6 Qxd3+
47. Qxd3 Rxd3 48. Kb2 Rf3 49. Rg7+ Kd6 50. f7 Bd5 51. Rg6+ Kc5 52. b4+ Kb5 53.
Rg5 Kc4 54. Rg4+ Kb5 55. Rg5 1/2-1/2

[Event "FIDE Grand Swiss 2019"]
[Site "Douglas"]
[Date "11.10.2019"]
[Round "2.60"]
[White "Solomon, Kenny"]
[Black "Akopian, Vladimir"]
[Result "0-1"]
[WhiteTitle "GM"]
[BlackTitle "GM"]
[WhiteElo "2382"]
[BlackElo "2638"]
[WhiteFideId "14300192"]
[BlackFideId "13300032"]
[EventDate "2019.10.10"]

1. d4 Nf6 2. c4 e6 3. Nf3 c5 4. d5 d6 5. Nc3 exd5 6. cxd5 g6 7. Nd2 Bg7 8. e4
O-O 9. Be2 Re8 10. O-O Na6 11. f3 Nc7 12. a4 b6 13. Nc4 Ba6 14. Bg5 h6 15. Bh4
g5 16. Bf2 Bxc4 17. Bxc4 a6 18. Re1 Rb8 19. Qd2 Nd7 20. Bf1 Ne5 21. Nd1 b5 22.
a5 Qf6 23. Ne3 Qxf3 24. Nf5 Qh5 25. Ra3 Qg6 26. Rg3 Nc4 27. Bxc4 bxc4 28. Nxg7
Kxg7 29. h4 f6 30. hxg5 hxg5 31. e5 Rxe5 32. Rxe5 dxe5 33. Bxc5 Qb1+ 34. Kh2
Rxb2 35. Qc3 Nxd5 36. Qxc4 Nf4 37. Be3 Qh7+ 38. Kg1 Ne2+ 0-1

[Event "FIDE Grand Swiss 2019"]
[Site "Douglas"]
[Date "11.10.2019"]
[Round "2.61"]
[White "Moiseenko, Alexander"]
[Black "Kolbus, Dietmar"]
[Result "1-0"]
[WhiteTitle "GM"]
[BlackTitle "IM"]
[WhiteElo "2635"]
[BlackElo "2300"]
[WhiteFideId "14102560"]
[BlackFideId "4610628"]
[EventDate "2019.10.10"]

1. d4 d5 2. c4 e6 3. Nc3 Be7 4. cxd5 exd5 5. Bf4 c6 6. e3 Bf5 7. Nge2 Nd7 8. f3
Nb6 9. Ng3 Bg6 10. Be2 Bd6 11. Bxd6 Qxd6 12. O-O Ne7 13. Qd2 O-O 14. e4 f6 15.
Rad1 Rad8 16. Kh1 Kh8 17. a3 Rfe8 18. Rfe1 Nec8 19. Bf1 Re7 20. Qf2 Rde8 21. h3
Qb8 22. Bd3 Qf4 23. Nge2 Qb8 24. Qh4 h6 25. Nf4 Bh7 26. Qg3 Qd6 27. Ng6+ Bxg6
28. Qxg6 Kg8 29. Re2 Kf8 30. Qh7 dxe4 31. Bxe4 f5 32. Qxf5+ Qf6 33. Qc5 Qd6 34.
Qf5+ Qf6 35. Qc5 Qd6 36. Qh5 Qf6 37. Qa5 Rd8 38. d5 Red7 39. Rde1 cxd5 40. Bd3
Nc4 41. Qc5+ Qd6 42. Qd4 Qf6 43. Qg4 Nxb2 44. Qb4+ 1-0

[Event "FIDE Grand Swiss 2019"]
[Site "Douglas"]
[Date "11.10.2019"]
[Round "2.64"]
[White "Howell, David W L"]
[Black "Kashlinskaya, Alina"]
[Result "1-0"]
[WhiteTitle "GM"]
[BlackTitle "IM"]
[WhiteElo "2694"]
[BlackElo "2481"]
[WhiteFideId "410608"]
[BlackFideId "4198026"]
[EventDate "2019.10.10"]

1. e4 e5 2. Bc4 Nf6 3. d3 c6 4. Nf3 d5 5. Bb3 a5 6. a4 Bb4+ 7. c3 Bd6 8. exd5
Nxd5 9. O-O O-O 10. Re1 Bg4 11. h3 Bh5 12. Nbd2 Nd7 13. Ne4 Bc7 14. Ng3 Bg6 15.
d4 exd4 16. Bxd5 cxd5 17. Qxd4 Bxg3 18. fxg3 Rc8 19. Qxd5 Nc5 20. Qxd8 Rfxd8 21.
Bf4 Bc2 22. Nd4 Bg6 23. Re7 f6 24. Nb5 Re8 25. Re3 Nd3 26. Nd6 Rxe3 27. Bxe3 Rc7
28. b3 Rxc3 29. Nxb7 Rxb3 30. Nxa5 Rb2 31. Nc4 Re2 32. Kf1 Rc2 33. Nd2 Nb4 34.
a5 Rc3 35. Bf4 Nc2 36. Ra4 Be8 37. Re4 Bc6 38. Re7 g5 39. Bb8 Rd3 40. Nf3 Rb3
41. Ba7 Nb4 42. Rc7 Ra3 43. Bc5 Rc3 44. Rc8+ Kg7 45. Nd4 h5 46. Bxb4 Bxg2+ 47.
Kxg2 Rxc8 48. a6 Rc4 49. Nf5+ Kg6 50. Ne7+ Kf7 51. Nd5 Rc2+ 52. Kf3 Ra2 53. Nc7
f5 54. Bc5 g4+ 55. hxg4 fxg4+ 56. Kf4 Ra4+ 57. Kg5 Ra5 58. a7 Rxc5+ 59. Kh4 Rxc7
60. a8=Q 1-0

[Event "FIDE Grand Swiss 2019"]
[Site "Douglas"]
[Date "11.10.2019"]
[Round "2.65"]
[White "Stefanova, Antoaneta"]
[Black "Jones, Gawain C B"]
[Result "1-0"]
[WhiteTitle "GM"]
[BlackTitle "GM"]
[WhiteElo "2479"]
[BlackElo "2688"]
[WhiteFideId "2902257"]
[BlackFideId "409561"]
[EventDate "2019.10.10"]

1. d4 Nf6 2. c4 g6 3. g3 c6 4. Nf3 Bg7 5. Nc3 d5 6. cxd5 cxd5 7. Ne5 Nc6 8. Bg2
Bf5 9. Nxc6 bxc6 10. O-O O-O 11. Bf4 Nd7 12. Na4 Qa5 13. b3 Rac8 14. Bd2 Qa6 15.
Bc3 Rfe8 16. Re1 Rcd8 17. Qd2 Nf6 18. Ba5 Ne4 19. Bxe4 dxe4 20. Bxd8 Rxd8 21.
Qb4 Qc8 22. Qxe7 Bxd4 23. Rac1 e3 24. f3 Rd5 25. Red1 Be6 26. Rxd4 Rxd4 27. Qg5
Rd2 28. Nc3 Qd8 29. Qxe3 h5 30. Qxa7 Rd4 31. Qc5 h4 32. Qe5 Qb6 33. Qe3 c5 34.
Kf2 Qd8 35. Qe5 c4 36. b4 Rd2 37. a4 Bf5 38. a5 Rd6 39. Qc5 Qg5 40. Qxd6 Qxc1
41. Qd8+ Kg7 42. Qd4+ Kg8 43. gxh4 Bh3 44. Kg3 Qf1 45. Kf4 Qg2 46. a6 Qxh2+ 47.
Kg5 Qb8 48. Nd5 Qa8 49. a7 c3 50. Nf6+ Kf8 51. Kh6 Ke7 52. Nd5+ 1-0

[Event "FIDE Grand Swiss 2019"]
[Site "Douglas"]
[Date "11.10.2019"]
[Round "2.66"]
[White "Sjugirov, Sanan"]
[Black "Cramling, Pia"]
[Result "1-0"]
[WhiteTitle "GM"]
[BlackTitle "GM"]
[WhiteElo "2662"]
[BlackElo "2462"]
[WhiteFideId "4189302"]
[BlackFideId "1700030"]
[EventDate "2019.10.10"]

1. e4 c5 2. Nf3 e6 3. d4 cxd4 4. Nxd4 Nc6 5. Nc3 d6 6. g4 h6 7. h4 a6 8. Be3 Nf6
9. Rg1 h5 10. gxh5 Nxh5 11. Be2 Nf6 12. Bg5 Qb6 13. Nb3 Qc7 14. Qd2 b5 15. a3
Bb7 16. f3 Be7 17. O-O-O O-O-O 18. Qe3 Ne5 19. f4 Nc4 20. Bxc4 bxc4 21. Nd4 g6
22. Nde2 Kb8 23. Kb1 Nh5 24. Bxe7 Qxe7 25. Rd4 Rc8 26. Rgd1 Rhd8 27. Qf2 f5 28.
e5 dxe5 29. fxe5 Qc5 30. Qe3 Rxd4 31. Rxd4 Rc7 32. Rd8+ Ka7 33. Nd4 f4 34. Qf2
Bc6 35. Qe1 Bd7 36. Qg1 Qb6 37. Ndb5+ axb5 38. Ra8+ Kxa8 39. Qxb6 Rb7 40. Qd8+
Ka7 41. Ne4 Ng3 42. Nc5 f3 43. Nxd7 f2 44. Qa5# 1-0

[Event "FIDE Grand Swiss 2019"]
[Site "Douglas"]
[Date "11.10.2019"]
[Round "2.67"]
[White "Kuzubov, Yuriy"]
[Black "Jansa, Vlastimil"]
[Result "1-0"]
[WhiteTitle "GM"]
[BlackTitle "GM"]
[WhiteElo "2636"]
[BlackElo "2452"]
[WhiteFideId "14112906"]
[BlackFideId "300128"]
[EventDate "2019.10.10"]

1. Nf3 g6 2. e4 Bg7 3. d4 d6 4. Bc4 Nf6 5. Qe2 O-O 6. e5 Ne8 7. Nc3 Bg4 8. Bg5
Nc6 9. O-O-O h6 10. Bh4 Qc8 11. Nd5 g5 12. Bg3 e6 13. Ne3 Bxf3 14. gxf3 dxe5 15.
dxe5 Nxe5 16. Bxe5 Bxe5 17. h4 Ng7 18. hxg5 hxg5 19. Ng4 Bf4+ 20. Kb1 Re8 21.
Nf6+ Kf8 22. Rh8+ Ke7 23. Nd5+ 1-0

[Event "FIDE Grand Swiss 2019"]
[Site "Douglas"]
[Date "11.10.2019"]
[Round "2.68"]
[White "Sebag, Marie"]
[Black "Zhang, Zhong"]
[Result "1-0"]
[WhiteTitle "GM"]
[BlackTitle "GM"]
[WhiteElo "2445"]
[BlackElo "2636"]
[WhiteFideId "617822"]
[BlackFideId "8600694"]
[EventDate "2019.10.10"]

1. e4 c5 2. Nf3 Nc6 3. Bb5 g6 4. Bxc6 bxc6 5. d4 cxd4 6. Qxd4 f6 7. c4 d6 8. O-O
c5 9. Qd3 Nh6 10. Nh4 g5 11. Nf3 Nf7 12. Qc3 Rg8 13. Nbd2 Bh6 14. Nb3 a5 15. Be3
Qb6 16. Rfe1 Bb7 17. Nbd2 Qc6 18. Qd3 Bg7 19. Red1 h5 20. Rab1 h4 21. h3 Bf8 22.
Nh2 f5 23. f3 Ne5 24. Qe2 f4 25. Bf2 Bg7 26. Ng4 Qa4 27. Nxe5 Bxe5 28. Nf1 Qxa2
29. Nh2 Bc8 30. Qd3 Be6 31. Ng4 Bh8 32. e5 Qxc4 33. Qxc4 Bxc4 34. exd6 e6 35.
d7+ Kd8 36. Nh6 Rg7 37. Bxc5 Rxd7 38. Nf7+ Kc7 39. Nxh8 Bd3 40. Rbc1 1-0

[Event "FIDE Grand Swiss 2019"]
[Site "Douglas"]
[Date "11.10.2019"]
[Round "2.69"]
[White "Mareco, Sandro"]
[Black "Arkell, Keith C"]
[Result "1-0"]
[WhiteTitle "GM"]
[BlackTitle "GM"]
[WhiteElo "2634"]
[BlackElo "2447"]
[WhiteFideId "112275"]
[BlackFideId "400270"]
[EventDate "2019.10.10"]

1. d4 Nf6 2. c4 c6 3. Nc3 d5 4. Nf3 g6 5. cxd5 cxd5 6. Bf4 Nc6 7. e3 Bg7 8. h3
O-O 9. Be2 b6 10. O-O Bb7 11. Rc1 a6 12. Na4 Nd7 13. Qd2 Rc8 14. b4 e6 15. b5
axb5 16. Bxb5 Qe7 17. Rc2 e5 18. dxe5 Ncxe5 19. Nxe5 Nxe5 20. Nxb6 Rxc2 21. Qxc2
Qd6 22. Nd7 Rc8 23. Qb2 f6 24. Rc1 Rxc1+ 25. Qxc1 d4 26. Nc5 Ba8 27. Qa3 Qd5 28.
e4 Qd8 29. Ne6 Qc8 30. Qe7 Bh8 31. Be8 1-0

[Event "FIDE Grand Swiss 2019"]
[Site "Douglas"]
[Date "11.10.2019"]
[Round "2.70"]
[White "Iturrizaga Bonelli, Eduardo"]
[Black "Clarke, Brandon G I"]
[Result "0-1"]
[WhiteTitle "GM"]
[BlackTitle "IM"]
[WhiteElo "2629"]
[BlackElo "2445"]
[WhiteFideId "3901211"]
[BlackFideId "400319"]
[EventDate "2019.10.10"]

1. c4 Nf6 2. Nc3 g6 3. e4 d6 4. d4 Bg7 5. h3 O-O 6. Be3 c5 7. Nf3 cxd4 8. Nxd4
a6 9. g4 Nc6 10. g5 Nh5 11. Nb3 Be6 12. Be2 b5 13. c5 Bxb3 14. axb3 dxc5 15.
Bxh5 gxh5 16. Bxc5 Qc7 17. Nd5 Qe5 18. Qe2 Qxg5 19. Kf1 Rfd8 20. Rg1 Qh4 21. Qf3
Kh8 22. Qxf7 Bxb2 23. Ra2 Qxh3+ 24. Ke2 Qxb3 25. Ra3 Qc4+ 26. Rd3 Qxe4+ 27. Re3
Qc4+ 28. Ke1 Rxd5 0-1

[Event "FIDE Grand Swiss 2019"]
[Site "Douglas"]
[Date "11.10.2019"]
[Round "2.71"]
[White "Volokitin, Andrei"]
[Black "Bulmaga, Irina"]
[Result "1-0"]
[WhiteTitle "GM"]
[BlackTitle "IM"]
[WhiteElo "2627"]
[BlackElo "2442"]
[WhiteFideId "14107090"]
[BlackFideId "13903063"]
[EventDate "2019.10.10"]

1. e4 e5 2. Nf3 Nc6 3. Bb5 a6 4. Ba4 Nf6 5. O-O b5 6. Bb3 Bb7 7. d3 Be7 8. Re1
O-O 9. Nbd2 d6 10. a4 Nd7 11. c3 Nc5 12. axb5 axb5 13. Rxa8 Bxa8 14. Bc2 Bf6 15.
b4 Ne6 16. Nf1 g6 17. Ne3 Bg7 18. Bb3 Qd7 19. h4 h5 20. Ng5 Ncd8 21. Nd5 Bb7 22.
Qf3 Bxd5 23. Bxd5 c6 24. Bb3 Nxg5 25. Bxg5 Ne6 26. Ra1 c5 27. Be3 Rc8 28. Bd5
Nf4 29. Bxf4 exf4 30. bxc5 Bxc3 31. c6 Qe7 32. Qh3 Rc7 33. Ra8+ Kg7 34. Rb8 b4
35. Rb7 Bf6 36. Qf3 Rxb7 37. cxb7 Qc7 38. Qh3 Qc1+ 39. Kh2 Bd4 40. Qd7 Bxf2 41.
Qxf7+ Kh6 42. Qf8+ Kh7 43. Qg8+ 1-0

[Event "FIDE Grand Swiss 2019"]
[Site "Douglas"]
[Date "11.10.2019"]
[Round "2.72"]
[White "Esipenko, Andrey"]
[Black "Houska, Jovanka"]
[Result "1-0"]
[WhiteTitle "GM"]
[BlackTitle "IM"]
[WhiteElo "2624"]
[BlackElo "2430"]
[WhiteFideId "24175439"]
[BlackFideId "405094"]
[EventDate "2019.10.10"]

1. e4 c6 2. d4 d5 3. e5 Bf5 4. Nf3 e6 5. Be2 Nd7 6. O-O h6 7. Nbd2 Ne7 8. Nb3
Qc7 9. a4 Rd8 10. c3 a6 11. a5 g5 12. Ne1 c5 13. f4 c4 14. Nd2 gxf4 15. Rxf4 Bg7
16. Nf1 Nf8 17. Ng3 Nfg6 18. Rf1 Kd7 19. Nxf5 exf5 20. g4 f4 21. Ng2 f6 22. exf6
Bxf6 23. Nxf4 Bg5 24. Nxg6 Nxg6 25. Rf7+ Ne7 26. Qf1 Kc8 27. Bf4 Bxf4 28. Qxf4
Qxf4 29. Rxf4 Rd6 30. Rf7 Kd8 31. Raf1 Rg8 32. Kg2 b6 33. Bf3 Rgg6 34. axb6 Rxb6
35. Rf2 Rge6 36. Bd1 Re1 37. Ba4 Rbe6 38. R7f6 Rxf6 39. Rxf6 Re2+ 40. Rf2 Re1
41. Bc2 Kd7 42. h4 Ke6 43. g5 hxg5 44. hxg5 a5 45. g6 a4 46. g7 Re3 47. Bh7 a3
48. bxa3 1-0

[Event "FIDE Grand Swiss 2019"]
[Site "Douglas"]
[Date "11.10.2019"]
[Round "2.73"]
[White "Batsiashvili, Nino"]
[Black "Huschenbeth, Niclas"]
[Result "0-1"]
[WhiteTitle "GM"]
[BlackTitle "GM"]
[WhiteElo "2422"]
[BlackElo "2624"]
[WhiteFideId "13602993"]
[BlackFideId "24604747"]
[EventDate "2019.10.10"]

1. Nf3 d5 2. e3 Nf6 3. c4 e6 4. Nc3 c5 5. cxd5 Nxd5 6. Nxd5 exd5 7. b4 cxb4 8.
Bb2 Nc6 9. Nd4 Nxd4 10. Bxd4 f6 11. Bd3 g6 12. h4 Bd6 13. Qf3 Be7 14. h5 g5 15.
Rc1 Be6 16. Bf5 Bxf5 17. Qxf5 Qd7 18. Qf3 Kf7 19. O-O Rhc8 20. e4 Rc4 21. Qd3
Rac8 22. Rce1 dxe4 23. Rxe4 f5 24. Rxe7+ Kxe7 25. Bf6+ Ke6 26. Re1+ Re4 27.
Rxe4+ fxe4 28. Qh3+ Kd6 29. Qg3+ Kc6 30. Qb3 Kb5 31. Bxg5 Qf5 32. Qe3 Rc1+ 33.
Kh2 Qg4 34. Bf4 Qh4+ 0-1

[Event "FIDE Grand Swiss 2019"]
[Site "Douglas"]
[Date "11.10.2019"]
[Round "2.74"]
[White "Sethuraman, S.P."]
[Black "Danielian, Elina"]
[Result "0-1"]
[WhiteTitle "GM"]
[BlackTitle "GM"]
[WhiteElo "2624"]
[BlackElo "2385"]
[WhiteFideId "5021596"]
[BlackFideId "13300210"]
[EventDate "2019.10.10"]

1. e4 e6 2. d4 d5 3. Nc3 Nf6 4. e5 Nfd7 5. f4 c5 6. Nf3 Nc6 7. Be3 a6 8. a3 cxd4
9. Nxd4 Bc5 10. Qd2 O-O 11. O-O-O Bxd4 12. Bxd4 b5 13. h4 Rb8 14. Rh3 b4 15. Na2
a5 16. h5 h6 17. Rg3 Nxd4 18. Qxd4 Qh4 19. Rh3 Qe7 20. axb4 axb4 21. Rb3 Ra8 22.
Qxb4 Nc5 23. Ra3 Bd7 24. Kb1 Ba4 25. Qd4 Rfb8 26. Kc1 Be8 27. Rxa8 Rxa8 28. Nc3
Qa7 29. Be2 Rc8 30. Qb4 Rb8 31. Qd4 Rc8 32. Qb4 Rb8 33. Qa3 Qb6 34. Bf3 Bc6 35.
Ne2 Ra8 36. Qe3 Ne4 37. Qa3 Rxa3 38. bxa3 Qe3+ 39. Kb2 Nc5 0-1

[Event "FIDE Grand Swiss 2019"]
[Site "Douglas"]
[Date "11.10.2019"]
[Round "2.75"]
[White "Wu, Li"]
[Black "Vocaturo, Daniele"]
[Result "0-1"]
[BlackTitle "GM"]
[WhiteElo "2332"]
[BlackElo "2620"]
[WhiteFideId "411086"]
[BlackFideId "813192"]
[EventDate "2019.10.10"]

1. d4 Nf6 2. c4 e6 3. Nf3 d5 4. Nc3 Bb4 5. cxd5 exd5 6. Bg5 Nbd7 7. e3 c5 8. Qc2
Qa5 9. Bd3 c4 10. Bf5 O-O 11. O-O Re8 12. Nd2 g6 13. Bxd7 Nxd7 14. Rae1 Nb6 15.
e4 dxe4 16. Ndxe4 Rxe4 17. Nxe4 Bxe1 18. Qe2 Bb4 19. Nf6+ Kg7 20. Ne8+ Kg8 21.
Nf6+ Kg7 22. Ne8+ Kh8 23. d5 Qxd5 24. Bf6+ Kg8 25. Nc7 Qc6 26. Nxa8 Nxa8 27. Qe5
Nb6 28. Rd1 Bd7 29. h4 h5 30. a3 Bf8 31. Kh2 Qe6 32. Qd4 Bc6 0-1

[Event "FIDE Grand Swiss 2019"]
[Site "Douglas"]
[Date "11.10.2019"]
[Round "2.76"]
[White "Gonzalez Vidal, Yuri"]
[Black "Allen, Keith"]
[Result "1-0"]
[WhiteTitle "GM"]
[WhiteElo "2552"]
[BlackElo "2161"]
[WhiteFideId "3503321"]
[BlackFideId "2501147"]
[EventDate "2019.10.10"]

1. e4 c6 2. d4 d5 3. e5 Bf5 4. Nf3 e6 5. Be2 Ne7 6. O-O c5 7. c4 Nbc6 8. Na3 a6
9. dxc5 d4 10. Qa4 d3 11. Rd1 Ng6 12. Be3 Be7 13. Qb3 Ngxe5 14. Ne1 Nd4 15. Qa4+
Kf8 16. Bxd4 Qxd4 17. Nac2 Qh4 18. Bxd3 Bxc5 19. Rd2 Rd8 20. Qa5 b6 21. Qc3 Bxd3
22. Qxe5 Bxc2 23. Rxd8+ Qxd8 24. Nxc2 h5 25. Ne3 Qd6 26. Qe4 Qb8 27. Rd1 Bxe3
28. Qxe3 Qc7 29. Qa3+ Kg8 30. Qxa6 Kh7 31. Qb5 g6 32. Qd7 Rc8 33. b3 Kg7 34.
Qxc7 Rxc7 35. Kf1 Kf6 36. Rd8 Ke7 37. Rb8 Rc6 38. Rb7+ Kf6 39. Ke2 e5 40. Kd3
Ke6 41. b4 f5 42. f3 Rd6+ 43. Ke2 h4 44. a4 f4 45. h3 Kf5 46. Rf7+ Ke6 47. Rc7
e4 48. fxe4 Ke5 49. c5 bxc5 50. Rxc5+ Kxe4 51. Rc4+ Kf5 52. b5 Re6+ 53. Kf2 Re3
54. b6 Rb3 55. Rc5+ 1-0